Television Quotes II Quiz Stats

 Plays Quiz Updated Dec 5, 2018

     
Support Sporcle.
Go Orange.
Score 0/13 Timer 05:00
0 Plays Today
Quote TV Show % Correct
The Truth Is Out There.X-Files
65.7%
This tape will self-destruct in five seconds.Mission: Impossible
65.4%
What'choo talkin' 'bout, Willis?Diff'rent Strokes
63.5%
Book 'em Danno.Hawaii Five-O
58%
Good night, John-Boy.The Waltons
56.5%
He's dead, Jim.Star Trek
41.9%
And now for something completely different.Monty Python's Flying Circus
31.7%
Suit Up!How I Met Your Mother
29.2%
I am your father. I brought you in this world, and I'll take you out.The Cosby Show
29.1%
I see nothing! I hear nothing!Hogan's Heroes
23.8%
Look, you didn't ask me for my opinion, but I'm old, so I'm giving it anyway.Golden Girls
12.8%
That boy ain't right.King of the Hill
11.8%
Without rules, we all might as well be up in a tree flinging our crap at each other.That 70's Show
7.4%

From the Vault

Pop Culture Christmas Sweaters II

by El_Dandy

Holiday 8m
Does everything really need its own ugly Christmas sweater?
Remove Ads.
Support Sporcle.
Get the best of Sporcle when you Go Orange. This ad-free experience offers more features, more stats, and more fun while also helping to support Sporcle. Thank you for becoming a member.

Show Comments

Extras

Top Quizzes Today


Score Distribution

Your Account Isn't Verified!

In order to create a playlist on Sporcle, you need to verify the email address you used during registration. Go to your Sporcle Settings to finish the process.

Report this User

Report this user for behavior that violates our Community Guidelines.

Details: